Schlesier in der DDR: Eine Einführung
| Titel: | Schlesier in der DDR: Eine Einführung / Michael Parak |
|---|---|
| Verfasser: | |
| In: |
Schlesier in der DDR, (2009), Seite 8-17 alle Artikel anzeigen |
| Veröffentlicht: | 2009 |
| Format: | Aufsatz |
| Sprache: | Deutsch |
X
alg: 47481082 001A $03025:15-01-21 001B $01999:10-05-21 $t09:35:20.000 001D $03025:15-01-21 001U $0utf8 001X $00 002@ $0Aou 002C $aText $btxt $2rdacontent 002D $aohne Hilfsmittel zu benutzen $bn $2rdamedia 002E $aBand $bnc $2rdacarrier 003@ $0474810828 007A $0474810828 $aHEB 010@ $ager 010E $erda 011@ $a2009 021A $aSchlesier in der DDR: Eine Einführung $hMichael Parak 028A $BVerfasser $4aut $7122629183 $8Parak, Michael [Tp3] $9153750677 031A $h8-17 $j2009 039B $aEnthalten in $8--Aau--. Schlesier in der DDR. - Görlitz : Schlesisches Museum, 2009. - 135 S.. - ISBN 978-3-00-027299-8 $x200900000000000992 $9211423262 044K $RDeutschland $RDeutschland $ROstdeutschland $RDeutschland $RDeutschland $#DDR $#DDR $#Deutsche Demokratische Republik $#DDR $#Deutschland 1949-1990, DDR $#German Democratic Republic $#GDR $#République Démocratique Allemande $#RDA $#Germanskaja Demokratičeskaja Respublika $#Demokratičeskaja Respublika Deutschland, DDR $#Democratic Republic Deutschland, DDR $#Demokratische Republik Deutschland, DDR $#Niemiecka Republika Demokratyczna $#NRD $#Ǧumhūrīyat Almāniyā ad-Dīmuqrāṭīya $#República Democrática Alemana $#Saksan Demokraattisen Tasavallan $#Repubblica Democratica Tedesca $#Mitteldeutschland DDR $#Ostdeutschland DDR $#East Germany DDR $#Ostzone $74011890-3 $8Deutschland$gDDR [Tgz] $9085025615 044K $RSchlesierin $#Silesians $#Silésiens $74052679-3 $8Schlesier [Ts1] $908514679X 044K $RVertriebener $RWeiblicher Flüchtling $RAuswanderer $RDisplaced Person $#Refugees $#Réfugiés $#Refugiados $#Flüchtlinge $#Flüchtling $#Emigrant Flüchtling $#Flüchtlinge $#Geflüchteter $#Geflüchtete $#Mensch mit Fluchthintergrund $#Menschen mit Fluchthintergrund $74017604-6 $8Flüchtling [Ts1] $9085041130 044K $RDeutscher Flüchtling $RWeibliche Vertriebene $RDeutsche $#Vertriebener $#Heimatvertriebener $#Ostvertriebener $#Vertriebene $#Deutsche Flüchtling Weltkrieg 1939-1945 $#Deutsche Ostgebiete Vertriebener $74078868-4 $8Vertriebener [Ts1] $9085223840 044K $REingliederung $#Absorption $#Intégration $#integration $#Integration $#Integration $74027238-2 $8Integration [Ts1] $9085069124 044K $RPrivatleben $RLebenswelt $RAlltagskultur $#Vie pratique $#Alltagsphänomen $#Alltagsleben $#Alltagswelt $#Lebensweise Alltag $#Tägliches Leben $#Daily Life $74001307-8 $8Alltag [Ts1] $9084994274 045F $a304.60943850904 $eDDC23BSB 045F/01 $a304.609 045F/03 $f0904 045F/03 $g4385 045F/03 $g431 045R $aGeschichte 1945-2008 lok: 47481082 78 exp: 47481082 78 1 #EPN 201B/01 $015-01-21 $t12:34:07.000 201C/01 $015-01-21 201U/01 $0utf8 203@/01 $01136712453 208@/01 $a15-01-21 $be 209A/01 $a/ $f000 $x00 209A/01 $ab*p $x01 220C/01 $apgar 244Z/01 $#Schlesien $#Schlesien $#Herzogtum Schlesien $#Herzogtum Schlesien Schlesien $#Provinz Schlesien $#Śla̜sk $#Slezsko $#Silesia $74052678-1 $8--Tg1--Schlesien $x01 $9085146781 247C/01 $82080>Marburg/Lahn, Herder-Institut, Forschungsbibliothek, Bibliographieportal $9336309341
| LEADER | 00000caa a2200000 c 4500 | ||
|---|---|---|---|
| 001 | 474810828 | ||
| 003 | DE-603 | ||
| 005 | 20210510093520.0 | ||
| 007 | tu | ||
| 008 | 210115s2009 xx |||| | u00||u|ger c | ||
| 035 | |a (DE-599)HEB474810828 | ||
| 040 | |a DE-603 |b ger |c DE-603 |d DE-603 |e rda | ||
| 041 | |a ger | ||
| 082 | 0 | 4 | |8 1\u |a 304.60943850904 |q DE-101 |2 23/BSB |
| 085 | |8 1\u |b 304.609 | ||
| 085 | |8 1\u |z 1 |s 0904 | ||
| 085 | |8 1\u |z 2 |s 4385 | ||
| 085 | |8 1\u |z 2 |s 431 | ||
| 100 | 1 | |a Parak, Michael |e Verfasser |4 aut |0 (DE-603)153750677 |0 (DE-588)122629183 |2 gnd | |
| 245 | 0 | 0 | |a Schlesier in der DDR: Eine Einführung |c Michael Parak |
| 264 | 0 | |c 2009 | |
| 336 | |a Text |b txt |2 rdacontent | ||
| 337 | |a ohne Hilfsmittel zu benutzen |b n |2 rdamedia | ||
| 338 | |a Band |b nc |2 rdacarrier | ||
| 648 | 7 | |a Geschichte 1945-2008 |2 gnd | |
| 650 | 7 | |a Schlesier |0 (DE-588)4052679-3 |0 (DE-603)08514679X |2 gnd | |
| 650 | 7 | |a Flüchtling |0 (DE-588)4017604-6 |0 (DE-603)085041130 |2 gnd | |
| 650 | 7 | |a Vertriebener |0 (DE-588)4078868-4 |0 (DE-603)085223840 |2 gnd | |
| 650 | 7 | |a Integration |0 (DE-588)4027238-2 |0 (DE-603)085069124 |2 gnd | |
| 650 | 7 | |a Alltag |0 (DE-588)4001307-8 |0 (DE-603)084994274 |2 gnd | |
| 651 | 7 | |a Deutschland |g DDR |0 (DE-588)4011890-3 |0 (DE-603)085025615 |2 gnd | |
| 773 | 0 | 8 | |i Enthalten in |t Schlesier in der DDR |d Görlitz : Schlesisches Museum, 2009 |h 135 S. |z 9783000272998 |g (2009), Seite 8-17 |w (DE-603)211423262 |
| 924 | 0 | |9 2080 |a (DE-603)1136712453 |b DE-2080 |c HES |d d |g / | |


